|
|
|
|
| LEADER |
00788nta a2200205 i 4500 |
| 001 |
dipl125319 |
| 005 |
20220525085620.0 |
| 008 |
220524s2021 hu om 0|| hun d |
| 040 |
|
|
|a SZTE Diploma Repozitórium
|b hun
|
| 041 |
|
|
|a hun
|
| 100 |
1 |
|
|a Derányi Anita
|
| 245 |
1 |
2 |
|a A korai Egyesült Államok gazdasági helyzete és gazdaságpolitikája
|h [elektronikus dokumentum] /
|c Anita Derányi
|
| 246 |
1 |
0 |
|a The Economic Situation and Economic Policy of the Early United States of America
|h [elektronikus dokumentum]
|
| 260 |
|
|
|c 2021
|
| 650 |
|
4 |
|a Bölcsészettudományok
|
| 650 |
|
4 |
|a Humanities
|
| 650 |
|
4 |
|a History and archaeology
|
| 650 |
|
4 |
|a History
|
| 700 |
1 |
|
|a Kökény Andrea
|e ths
|
| 856 |
4 |
0 |
|u http://diploma.bibl.u-szeged.hu/id/eprint/125319/2/2021_deranyi_anita.pdf
|z Dokumentum-elérés
|